ბათუმის შოთა რუსთაველის სახელმწიფო უნივერსიტეტის ბიბლიოთეკა

მასალათა გამძლეობა : მეორე ნაწილი : ლექციების კონსპექტი / (ბიბ.ჩანაწერი № 37559)

000 -ლიდერი
ფიქსირებული სიგრძის საკონტროლო ველი 00987nam a2200229Ia 4500
001 - საკონტროლო ნომერი
საკონტროლო ველი 3527
003 - საკონტროლო ნომრის იდენტიფიკატორი
საკონტროლო ველი GE_BSU
005 - ბოლო ოპერაციის თარიღი და დრო
საკონტროლო ველი 20190530203405.0
008 - ფიქსირებული სიგრძის მონაცემთა ელემენტები - ზოგადი ინფორმაცია
ფიქსირებული სიგრძის საკონტროლო ველი 181216s1994|||| |||||||||||||| ||geo||
040 ## - კატალოგიზაციის წყარო
Transcribing agency GE_BSU
041 ## - ენის კოდი
Language code of text/sound track or separate title geo
080 ## - უნივერსალური ათობითი კლასიფიკაციის ინდექსი
Universal Decimal Classification number 620.1:539.4(042.4) დ-19
100 ## - მთავარი ჩანაწერი - პიროვნების სახელი
Personal name დანელია, დ.
9 (RLIN) 1888
245 ## - ცნობა სათაურის შესახებ
Title მასალათა გამძლეობა : მეორე ნაწილი : ლექციების კონსპექტი /
Statement of responsibility, etc დ. დანელია ; ზ. მაძაღუა ; გ . ხაზალია ; რედ : ც.არსენიძე.
264 ## - წარმოების, გამოცემის, დისტრიბუციის და სხვა ცნობები
გამოცემის, წარმოების, დისტრიბუციის... ადგილი თბილისი :
გამოცემის, წარმოების, დისტრიბუციის... სახელწოდება სტუ,
გამოცემის, წარმოების, დისტრიბუციის... თარიღი 1994.
300 ## - ფიზიკური აღწერა
Extent 72 გვ .:
Dimensions 20 სმ.
653 ## - INDEX TERM--UNCONTROLLED
Uncontrolled term მასალათა გამძლეობა
700 ## - ADDED ENTRY--PERSONAL NAME
Personal name მაძაღუა,ზ
9 (RLIN) 1889
700 ## - ADDED ENTRY--PERSONAL NAME
Personal name ხაზალია, გ
9 (RLIN) 1890
700 ## - ADDED ENTRY--PERSONAL NAME
Personal name არსენიძე, ც
Relator term რედაქტორი
9 (RLIN) 1557
942 ## - ADDED ENTRY ELEMENTS (KOHA)
Koha item type წიგნი
Source of classification or shelving scheme
ეგზემპლარები
ჩამოწერის სტატუსი დაკარგული ეგზემპლარის სტატუსი კლასიფიკაციის წყარო ან თაროზე გაწყობის სქემა დაზიანების სტატუსი არ გაიცემა მუდმივი მდებარეობა (დაცვის ადგილი) ამჟამინდელი ადგილსამყოფელი თაროზე განთავსების ადგილი შეძენის თარიღი სრული შენახვის შიფრი შტრიხკოდი ბოლო ოპერაციის თარიღი ეგზემპლარის მიმდევრობითი ნომერი (კეტერი?) ფასის ძალაში შესვლის თარიღი ეგზემპლარის სახეობა
          ტექნოლოგიური ფაკულტეტის ბიბლიოთეკა ტექნოლოგიური ფაკულტეტის ბიბლიოთეკა წიგნსაცავი 2018-12-17 620.1:539.4(042.4) დ-19 9922 2018-12-17 9922 2018-12-17 წიგნი